• Di Bicego Carolina

di Personal Name

Records bibliografici associati: 1

001 - CONTROL NUMBER

  • control field: 62822

003 - CONTROL NUMBER IDENTIFIER

  • control field:

005 - DATE AND TIME OF LATEST TRANSACTION

  • control field: 20251203152024.0

008 - FIXED-LENGTH DATA ELEMENTS

  • fixed length control field: 251203|| aca||aabn | a|a d

040 ## - CATALOGING SOURCE

  • Original cataloging agency:
  • Transcribing agency:

100 ## - HEADING--PERSONAL NAME

  • Personal name: Di Bicego Carolina

670 ## - SOURCE DATA FOUND

  • Source citation: Work cat.: ()218472: Di Bicego Carolina, Educazione psicoaffettiva e sessuale: un progetto di intervento con un gruppo di genitori di alunni della scuola media inferiore, 2001
CREDITS: SOCIETA' SAN PAOLO Via A.Severo, 58 - ROMA (RM) & PERIODICI SAN PAOLO SRL Via Giotto, 36 MILANO & CISF Via Giotto, 36 MILANO & EDIZIONI SAN PAOLO SRL,  Piazza Soncino, 5 CINISELLO BALSAMO (MI) -- ITALY